000 00576nam a2200181Ia 4500
008 090123s9999 xx 000 0 und d
082 _b41575
100 _aनाईक प्रिया
245 _aनातं सौभाग्याचं
250 _a1
260 _bपारस पब्बीकेशन
_c2007
300 _a164
600 _aनाईक प्रिया
630 _aनातं सौभाग्याचं
700 _aनाईक प्रिया
730 _aनातं सौभाग्याचं
942 _cBOOK
999 _c79651
_d79651